| 000 | 00787nam a22002057a 4500 | ||
|---|---|---|---|
| 999 |
_c2794 _d2794 |
||
| 003 | OSt | ||
| 005 | 20230821155505.0 | ||
| 008 | 230821b ||||| |||| 00| 0 eng d | ||
| 020 | _a9781337281089 | ||
| 040 | _cKH8 | ||
| 082 | _a400 PIN | ||
| 100 |
_aPinkley, Diane, _eauthor. |
||
| 245 |
_aImpact 3 / _cDiane Pinkley. |
||
| 260 |
_bCENGAGE Learning; _c2016 |
||
| 300 | _c8.54 x 0.39 x 10.87 inches. | ||
| 520 | _aImpact helps teenage learners to better understand themselves, each other, and the world they live in. By encouraging self-expression, global citizenship, and active participation, Impact motivates students to explore who they are and who they want to be, all while learning English! | ||
| 650 |
_aEnglish _vGrammar |
||
| 650 |
_aEnglish _vVocabulary |
||
| 942 |
_2ddc _cTR |
||